| Tag |
First Indicator |
Second Indicator |
Subfields |
| LEADER |
00000cam a2200000 a 4500 |
| 001 |
in00000090416 |
| 005 |
20151008063703.0 |
| 008 |
781115s1978 sp b 00010 spam |
| 010 |
|
|
|a 78377722
|
| 015 |
|
|
|a Sp78-May
|
| 020 |
|
|
|a 8471431467 :
|c 325ptas
|
| 035 |
|
|
|a (OCoLC)04389120
|
| 035 |
|
|
|9 AAK2740AM
|
| 040 |
|
|
|a DLC
|c DLC
|d m.c.
|d TXA
|d UtOrBLW
|
| 043 |
|
|
|a e-sp---
|
| 049 |
|
|
|a TXAM
|c [1804330]
|
| 050 |
0 |
0 |
|a PQ6144
|b .C25
|
| 082 |
0 |
|
|a 863/.03
|
| 100 |
1 |
|
|a Cabrera, Vicente.
|
| 245 |
1 |
0 |
|a Novela espanola contemporanea :
|b Cela, Delibes, Romero y Hernandez /
|c Vicente Cabrera, Luis Gonzalez del Valle.
|
| 264 |
|
1 |
|a Madrid :
|b Sociedad General Espanola de Libreria,
|c [1978]
|
| 264 |
|
4 |
|c ©1978
|
| 300 |
|
|
|a 218 pages ;
|c 19 cm.
|
| 336 |
|
|
|a text
|b txt
|2 rdacontent
|
| 337 |
|
|
|a unmediated
|b n
|2 rdamedia
|
| 338 |
|
|
|a volume
|b nc
|2 rdacarrier
|
| 490 |
0 |
|
|a Coleccion Temas ;
|v no. 13
|
| 504 |
|
|
|a Includes bibliographical references.
|
| 650 |
|
0 |
|a Spanish fiction
|y 20th century
|x History and criticism.
|
| 700 |
1 |
|
|a González del Valle, Luis.
|
| 999 |
|
|
|a MARS
|
| 999 |
f |
f |
|s 8661e812-563e-3b7a-9ce7-05d26bc6410d
|i e06c1880-0741-376a-9cc8-4e9f95f73e7a
|t 0
|
| 952 |
f |
f |
|p ric
|a Texas A&M University
|b Rellis Campus
|c Joint Library Facility
|d Remote Storage
|t 0
|e PQ6144 .C25
|h Library of Congress classification
|i unmediated -- volume
|m A14806181330
|
| 998 |
f |
f |
|a PQ6144 .C25
|t 0
|l Remote Storage
|